| 000 | 00527 a2200193 4500 | ||
|---|---|---|---|
| 001 | 139787 | ||
| 040 | _cLeonardo Da Vinci | ||
| 041 | _aPortuguês | ||
| 082 |
_a813 B79f _bB79f |
||
| 100 | _aBRADLEY, Marion Zimmer | ||
| 245 | _aA filha da noite | ||
| 260 |
_bImago _c1986 _aRio de Janeiro |
||
| 300 | _a174 | ||
| 362 | _a19860000 | ||
| 490 | _aFicção e experiência interior | ||
| 500 | _aMarcos Roma Santa (Tradução) | ||
| 697 |
_aLiteratura _aRomance norte-americano _aMagia _aLendas _aEstados Unidos |
||
| 942 | _cBK | ||
| 999 |
_c139787 _d139787 |
||